| 000 | 04821nam0a22005171 4500 | ||
|---|---|---|---|
| 001 | RU\NLR\BIBL_A\022096275 | ||
| 005 | 20260408070053.0 | ||
| 035 | _a(NLR Aleph) 022096275 | ||
| 090 |
_a12732222 _c12732222 |
||
| 100 | _a20221121j1805 |||y0rusy50 ca | ||
| 101 | 0 | _arus | |
| 102 | _aRU | ||
| 105 | _ay n 000yy | ||
| 200 | 1 |
_aУказ его императорскаго величества самодержца всероссийскаго, _e[о позволении детям секунд-майора Сомова, кол. ас. Нечаева, капитана Карцова, майора Оболонского, кол. ав. Бизюкина, капитана графа Толстого, тит. сов. Белова, рожденным до брака, принять фамилию отца] _fиз Правительствующаго Сената |
|
| 210 |
_a[Санкт-Петербург _cСенатская типография _dянв. 1805] |
||
| 215 |
_a[2] с. _d2° |
||
| 300 | _aСенат. указ о рассылке двух именных указов от 13 и 27 дек. 1804 г. | ||
| 300 | _aТекст начинается словами: По имянным его императорскаго величества высочайшим указам, данным Правительствующему Сенату минувшаго декабря... | ||
| 300 | _aТекст напеч. на одной стороне листа | ||
| 300 | _aВ конце текста дата: Генваря дня 1805 года | ||
| 300 | _aВ левом нижнем углу: По 1 му департаменту | ||
| 300 | _aМесто изд. и тип. даны по печат. реестру к конволюту | ||
| 316 |
_aЭкз. РНБ (18.88.1.1-9-5) является частью владельч. конволюта. Припл. к: Указ его императорскаго величества самодержца всероссийскаго, : [о расчете процентов по 25-летнему банку] / из Правительствующаго Сената. - [Санкт-Петербург : Сенатская типография, янв. 1805]. В правом верхнем углу от руки написан порядковый номер аллигата: 5 _5NLR: 18.88.1.1-9-5 |
||
| 482 | 0 |
_1001RU\NLR\BIBL_A\022094894 _12001#$aУказ его императорскаго величества самодержца всероссийскаго,$e[о расчете процентов по 25-летнему банку]$fиз Правительствующаго Сената _1210##$a[Санкт-Петербург$cСенатская типография$dянв. 1805] _912728222 _aРоссия (1801-1825; Александр I). Император _c[Санкт-Петербург _dянв. 1805] _fиз Правительствующаго Сената _nСенатская типография _o[о расчете процентов по 25-летнему банку] _p[2] с. _tУказ его императорскаго величества самодержца всероссийскаго, |
|
| 517 | 1 | _aПо имянным его императорскаго величества высочайшим указам, данным Правительствующему Сенату минувшаго декабря... | |
| 518 | 1 | _aУказ его императорского величества самодержца всероссийского, | |
| 518 | 1 | _aПо именным его императорского величества высочайшим указам, данным Правительствующему Сенату минувшего декабря... | |
| 606 | 1 |
_aЗаконодательство _yРоссия _z1801 - 1825 _92280395 _3RU\NLR\AUTH\6601594564 |
|
| 620 | _dСанкт-Петербург | ||
| 686 | _aХ2(2)47-3 | ||
| 702 | 0 |
_4720 _7ca _8rus _aАлександр _cимператор российский _dI _f1777-1825 _9115306 _3RU\NLR\AUTH\775342 |
|
| 702 | 1 |
_aСомов _bД. _gДмитрий |
|
| 702 | 1 |
_aНечаев _bС. _gСергей |
|
| 702 | 1 |
_aКарцов _bН. _gНиколай |
|
| 702 | 1 |
_aОболонский _bФ. _gФедор |
|
| 702 | 1 |
_aТолстой _bВ. _gВасилий |
|
| 702 | 1 |
_aБелов _bА. _gАндрей |
|
| 710 | 0 | 1 |
_4720 _aРоссия _bИмператор _c1801-1825; Александр I _9584940 _3RU\NLR\AUTH\8810042745 |
| 711 | 0 | 1 |
_4720 _aРоссия _bСенат _9392688 _3RU\NLR\AUTH\889948534 |
| 712 | 0 | 2 |
_4610 _aСенатская типография _cПетербург _9375085 _3RU\NLR\AUTH\889940127 |
| 852 |
_aNLR _j18.88.1.1-9-5 |
||
| 942 | _cBOOK | ||
| 980 | _aNB | ||
| 980 | _aA1UKAZ | ||